000 00660nam a2200181Ia 4500
008 180921t xxu||||| |||| 00| 0 sin d
041 _asin
080 _a636 SRI L
_bNKA
100 _aAthanayake, M.R.K.
_eed.
245 _aගෝචර ආහාර ශාක සංස්ථාපනය, නඩත්තුව සහ භාවිතය සඳහා මග පෙන්විමක්
246 _aGochara ahaara shaka sansthaapanaya, nadaththuva saha bhaavithaya sadahaa maga penvimak
300 _a13p., 27 cm
650 _aAgriculture
700 _aAbegunawarthana, A.S
_eed.
942 _cBK
999 _c12913
_d12913
003 LK-CoDNM
040 _aLK-CoDNM
_dLK-CoDNM
_eLK-CoDNM